| 000 -LEADER |
| fixed length control field |
01458cam a2200361 a 4500 |
| 001 - CONTROL NUMBER |
| control field |
14868077 |
| 003 - CONTROL NUMBER IDENTIFIER |
| control field |
OSt |
| 005 - DATE AND TIME OF LATEST TRANSACTION |
| control field |
20211015142120.0 |
| 008 - FIXED-LENGTH DATA ELEMENTS--GENERAL INFORMATION |
| fixed length control field |
070529s2008 maua b 001 0 eng |
| 010 ## - LIBRARY OF CONGRESS CONTROL NUMBER |
| LC control number |
2007022553 |
| 020 ## - INTERNATIONAL STANDARD BOOK NUMBER |
| International Standard Book Number |
9780763748869 (alk. paper) |
| 035 ## - SYSTEM CONTROL NUMBER |
| System control number |
(OCoLC)ocn137306032 |
| 035 ## - SYSTEM CONTROL NUMBER |
| System control number |
(OCoLC)137306032 |
| 038 ## - RECORD CONTENT LICENSOR |
| Staff Name |
Khadija |
| 040 ## - CATALOGING SOURCE |
| Original cataloging agency |
DLC |
| Transcribing agency |
DLC |
| Modifying agency |
YDXCP |
| -- |
BAKER |
| -- |
BTCTA |
| -- |
C#P |
| -- |
DLC |
| 050 00 - LIBRARY OF CONGRESS CALL NUMBER |
| Classification number |
TK3285 |
| Item number |
.S722 2008 |
| 082 00 - DEWEY DECIMAL CLASSIFICATION NUMBER |
| Classification number |
621.319 |
| Edition number |
22 |
| Author Mark |
STF |
| 100 1# - MAIN ENTRY--PERSONAL NAME |
| Personal name |
Stauffer, H. Brooke. |
| 9 (RLIN) |
83230 |
| 245 10 - TITLE STATEMENT |
| Title |
Engineer's guide to the National electrical code / |
| Statement of responsibility, etc. |
H. Brooke Stauffer ; National Fire Protection Association. |
| 260 ## - PUBLICATION, DISTRIBUTION, ETC. |
| Place of publication, distribution, etc. |
Sudbury, Mass. : |
| Name of publisher, distributor, etc. |
Jones and Bartlett Publishers, |
| Date of publication, distribution, etc. |
c2008. |
| 300 ## - PHYSICAL DESCRIPTION |
| Extent |
v, 174 p. : |
| Other physical details |
ill. ; |
| Dimensions |
23 cm. |
| 504 ## - BIBLIOGRAPHY, ETC. NOTE |
| Bibliography, etc. note |
Includes bibliographical references and index. |
| 563 ## - BINDING INFORMATION |
| Binding note |
PB |
| 650 #0 - SUBJECT ADDED ENTRY--TOPICAL TERM |
| Topical term or geographic name entry element |
Electric wiring. |
| 9 (RLIN) |
41141 |
| 650 #0 - SUBJECT ADDED ENTRY--TOPICAL TERM |
| Topical term or geographic name entry element |
Electric wiring |
| General subdivision |
Insurance requirements. |
| 9 (RLIN) |
83231 |
| 650 #0 - SUBJECT ADDED ENTRY--TOPICAL TERM |
| Topical term or geographic name entry element |
Electric wiring |
| General subdivision |
Standards. |
| 9 (RLIN) |
83232 |
| 710 2# - ADDED ENTRY--CORPORATE NAME |
| Corporate name or jurisdiction name as entry element |
National Fire Protection Association. |
| 9 (RLIN) |
83233 |
| 710 2# - ADDED ENTRY--CORPORATE NAME |
| Corporate name or jurisdiction name as entry element |
National Fire Protection Association. |
| Title of a work |
National electrical code (2007) |
| 9 (RLIN) |
83234 |
| 856 41 - ELECTRONIC LOCATION AND ACCESS |
| Materials specified |
Table of contents only |
| Uniform Resource Identifier |
<a href="http://www.loc.gov/catdir/toc/ecip0719/2007022553.html">http://www.loc.gov/catdir/toc/ecip0719/2007022553.html</a> |
| 906 ## - LOCAL DATA ELEMENT F, LDF (RLIN) |
| a |
7 |
| b |
cbc |
| c |
orignew |
| d |
1 |
| e |
ecip |
| f |
20 |
| g |
y-gencatlg |
| 942 ## - ADDED ENTRY ELEMENTS (KOHA) |
| Source of classification or shelving scheme |
|
| Koha item type |
Book |